Words That Start With Geo - Statistics

General Stats
  • This quiz has been taken 25 times
  • The average score is 7 of 13
Answer Stats
Answer Definition % Correct
Geology a science that deals with the history of the earth and its life especially as recorded in rocks
96%
Geometry a branch of mathematics that deals with the measurement, properties, and relationships of points, lines, angles, surfaces, and solids
91%
Georgia state of the southeastern U.S. bordering on the Atlantic; capital Atlanta area 58,910 square miles (152,577 square kilometers), population 9,687,653
91%
Geography a science that deals with the description, distribution, and interaction of the diverse physical, biological, and cultural features of the earth's surface
87%
Geothermal of, relating to, or utilizing the heat of the earth's interior
74%
Geopolitics a study of the influence of such factors as geography, economics, and demography on the politics and especially the foreign policy of a state
70%
Geode a nodule of stone having a cavity lined with crystals or mineral matter
61%
Geomagnetic of or relating to terrestrial magnetism
48%
Geoduck a large edible burrowing clam (Panopea generosa synonym P. abrupta) of the Pacific coast of North America that usually weighs two to three pounds (about one kilogram)
26%
Geodesy a branch of applied mathematics concerned with the determination of the size and shape of the earth and the exact positions of points on its surface and with the description of variations of its gravity field
13%
Georgette a sheer crepe woven from hard-twisted yarns to produce a dull pebbly surface
13%
Geophyte a perennial plant that bears its perennating buds below the surface of the soil
4%
Geocorona the outermost part of the earth's atmosphere consisting primarily of hydrogen
0%
No matching quizzes found
Score Distribution
Percent of People with Each Score
Percentile by Number Answered
Your Score History
You have not taken this quiz